000 01475nam a22003977a 4500
003 CHAP
005 20220817042323.0
008 971013s1994 r 00010 d
010 _a40796
011 _a41768
035 _a45894
040 _cCHAP
082 _a312.0972
_bI54 v.2
110 _aInstituto Nacional de Estadística, Geografía e Informática. México
_959304
245 _aIngreso de los hogares
260 _aAguascalientes, Ags. :
_bINEGI,
_c1994
300 _a66 p.
490 _aMonografías censales de México, 1990
590 _aBATCH-UPD
_b10
_c20130110
_lUCH01
_h1533
590 _aBATCH-UPD
_b10
_c20130410
_lUCH01
_h0939
590 _aBATCH-UPD
_b10
_c20130914
_lUCH01
_h1053
590 _aCONVERSION
_b10
_c20130109
_lUCH01
_h1323
650 1 4 _aCostos y nivel de vida.
_928518
650 1 4 _aEconomía doméstica.
650 1 4 _aIngresos
_zMéxico.
_958408
650 1 4 _aPoblación
_xMéxico.
_989408
700 0 _aCortés Cáceres, Fernando.
_928342
700 0 _aRubalcava Ramos, Rosa María.
_9100439
710 0 _aEl Colegio de México.
710 0 _aUniversidad Nacional Autónoma de México. Instituto de Investigaciones Sociales.
_9116558
830 0 _aMonografías censales de México, 1990
_977571
901 _aBK
942 _cLIBRO
949 _a312.0972 I54 v.2
_bBC
_cINEGI
_d33724000481362
_eINEGI
_gI. c/e
_h88657
_i45894
_si
_t20.00
949 _a312.0972 I54 v.2
_bBC
_cINEGI
_d33724000874707
_eINEGI
_fc.2
_gDonaciØn
_h102140
_i45894
_sb
999 _c40796
_d40796